| 000 | 01318nam a22003617a 4500 | ||
|---|---|---|---|
| 003 | CHAP | ||
| 005 | 20220329143322.0 | ||
| 008 | 080610s2006 mx a r 00010 spa d | ||
| 010 | _a94912 | ||
| 011 | _a95884 | ||
| 020 | _a9709529900 | ||
| 035 | _a106517 | ||
| 040 | _cCHAP | ||
| 082 | 0 | 0 |
_a633.2 _aV54 |
| 100 | 0 | 0 |
_aVelasco Zebadúa, María Eugenia. _9118454 |
| 245 | 1 | 0 |
_aProducción y manejo de los recursos forrajeros tropicales _c/editado por Ma. E. Velasco Zebadúa ...[et al.] |
| 260 |
_aTuxtla Gutiérrez, Chis. : _bUNACH. Facultad de Medicina Veterinaria y Zootecnia, _c2006 |
||
| 300 |
_aiv, 237 p. : _bgráfs., cuadros |
||
| 590 |
_aBATCH-UPD _b10 _c20130110 _lUCH01 _h1302 |
||
| 590 |
_aBATCH-UPD _b10 _c20130410 _lUCH01 _h0819 |
||
| 590 |
_aBATCH-UPD _b10 _c20130914 _lUCH01 _h1432 |
||
| 590 |
_aCONVERSION _b10 _c20130109 _lUCH01 _h1352 |
||
| 650 | 1 | 4 |
_aForrajes _xRendimiento. _942593 |
| 650 | 1 | 4 |
_aForrajes _xTrópicos. _942599 |
| 650 | 1 | 4 |
_aGanado vacuno _xChiapas. _945442 |
| 650 | 1 | 4 |
_aPlantas forrajeras. _988943 |
| 650 | 1 | 4 |
_aProducción animal. _991859 |
| 901 | _aBK | ||
| 911 | _aen proceso | ||
| 942 | _cLIBRO | ||
| 949 |
_a633.2 V54 _bBC _cLIBRO _d33724002051330 _eLIBRO _gDonaciØn _h109593 _i106517 _si |
||
| 949 |
_a633.2 V54 _bBC _cLIBRO _d33724002051371 _eLIBRO _fc.2 _gDonaciØn _h109594 _i106517 _sb |
||
| 999 |
_c94912 _d94912 |
||